01321 2200337 4500001002100000005001500021035002000036007000300056008004100059020002200100082001000122084001900132100001700151245007200168250002600240300003800266650001700304700002700321700002000348520039400368264005100762336002100813337003000834338002300864990001600887990001600903990001600919990001600935990001600951990001600967INLIS00000000116451520240830110606 a0010-0824000337ta240830 e 0 ind  a978-602-220-327-8 a927.9 aSR 927.9 COK b0 aCoki Pardede1 aBukan golongan kami /cCoki Pardede, Tretan Muslim; penyunting, Edo aCetakan pertama, 2019 a208 halaman :bilustrasi ;c20 cm 4aAutobiografi0 aTretan Muslimepenulis0 aEdoepenyunting aBukan Golongan Kami adalah kumpulan tulisan keresahan Coki & Muslim. Tak hanya soal jatuh bangun karier mereka di panggung komedi Indonesia, buku ini menggali lebih jauh ke masa lalu yang membuat cara mereka memaknai keberagaman hingga saat ini. Dua muka buku ini mewakili sudut pandang Coki dan Muslim hingga mereka akhirnya bertemu di tengah menjadi duo komedian paling dinanti saat ini. aJakarta selatan :bBukune Kreatif Cipta,c2019 2rdacontentateks 2rdamediaatanpa perantara 2rdacarrieravolume a53360.66180 a53361.66181 a53361.66181 a53360.66180 a53360.66180 a53361.66181